Normal view MARC view

Entry Personal Name

Number of records used in: 1

001 - CONTROL NUMBER

  • control field: 44087

003 - CONTROL NUMBER IDENTIFIER

  • control field: dpl

005 - DATE AND TIME OF LATEST TRANSACTION

  • control field: 20120321161657.0

008 - FIXED-LENGTH DATA ELEMENTS

  • fixed length control field: 120321|||a|||||| | ||| d

040 ## - CATALOGING SOURCE

  • Original cataloging agency: dpl
  • Transcribing agency: dpl

100 ## - HEADING--PERSONAL NAME

  • Personal name: Murthy, N.R.Narayana

670 ## - SOURCE DATA FOUND

  • Source citation: Work cat.: (dpl): Murthy, N.R.Narayana, A better India a better world /, 2009

670 ## - SOURCE DATA FOUND

  • Source citation: Work cat.: (dpl): Murthy, N.R.Narayana, A better India a better world /, 2009

© Delhi Public Library
Hit Counter
free hit counter